000 00522nam a2200181Ia 4500
003 IN-BaIIA
008 211028s9999 xx 000 0 eng d
040 _cIIA Library
080 _a519.253
_bBEE
100 _aBeers, Yardley
_93412
245 0 _aIntroduction to the theory of error
_cYardley Beers
260 _aMassachusetts
_bAddison-Wesley
_c1953
300 _avi, 65p.
650 _aErrors
_91614
650 _aErrors theory
_91615
650 _aStatistics
942 _cBK
999 _c1746
_d1746